000 01232nam a2200385 a 4500
001 000108345
003 CHAP
005 20220329144009.0
008 140130s2012 it |r| ||||||eng d
010 _a104807
011 _a105779
020 _a9789251074343
040 _cCHAP
082 0 4 _a636.0896
_bF21y v.35/1
110 2 _aFAO. Programme Against African Trypanosomosis
_9125311
245 1 0 _aTsetse and trypanosomosis information. Numbers 16037-16293 /
_cpor FAO.
260 _aRoma :
_bFAO,
_c2012.
300 _avi, 135 p.
490 1 _aTsetse and trypanosomosis information
_v; 35/1
590 _aBATCH-UPD
_b05
_c20140130
_lUCH01
_h1025
590 _aE5995AHE
_b05
_c20140130
_lUCH01
_h1024
590 _aE5995AHE
_b05
_c20140130
_lUCH01
_h1111
590 _aE5995AHE
_b05
_c20140130
_lUCH01
_h1410
590 _aE5995AHE
_b05
_c20140130
_lUCH01
_h1419
650 1 4 _aGanado
_xEnfermedades.
_944909
650 1 4 _aGlossina.
_948317
650 1 4 _aInsectos
_xAnatomía y fisiología.
_958891
650 1 4 _aMosca tsetsé.
_9125305
650 1 4 _aMoscas.
_978995
650 1 4 _aTripanosomiasis.
_9115169
830 0 _aTsetse and trypanosomosis information
_v; 35/1
_9125312
901 _aBK
942 _cLIBRO
942 _n0
999 _c104807
_d104807